| 000 | 00411nam a2200109Ia 4500 | ||
|---|---|---|---|
| 008 | 160531s9999 xx 000 0 und d | ||
| 100 | _aWorld Health Organization. | ||
| 245 | 4 | _aThe Economics Of The Social Determinants Of Health And Health Inequalities: A Resource Book | |
| 245 | _cBy:World Health Organization | ||
| 260 | _c2013 | ||
| 856 | _uhttp://file.ebook777.com/TheEcoOfTheSocDetOfHeaAndHeaIneAResBoo.pdf | ||
| 999 |
_c295432 _d295432 |
||